LEADER 01213nam a2200265 u 4500 001 000000115556 003 CaOOAMICUS 005 20090506171821.0 008 090506s2003 it u000 u ita r 020 $a88-88926-04-6 040 $aPUL$bita$dLDB 100 1 $aDesideri, Osvaldo.$0(OLS)http://pul/name/64802 245 12$aL'intelligenza :$bfilosofia e vita, nell'unità dell'io /$cOsvaldo Desideri. 260 $aRoma :$bLeonardo da Vinci,$cc2003. 300 $a100 p. ;$c21 cm. 490 1 $aBiblioteca di Sensus communis.$a3, Saggi di teoria del senso comune ;$v02 504 $aInclude riferimenti bibliografici. 650 4$aIntelligenza.$0(OLS)http://pul/subject/12039 830 0$aBiblioteca di Sensus communis.$n3,$pSaggi di teoria del senso comune ;$v02.$0(OLS)http://pul/title/145194 850 $aPUL 852 $aPUL$W1$xSL Filosofia 3$y81$m126 DESOS 1$j132370$qDDC 21$B131368$CPULBib$Z2$F131368 $H109443 $82 941 1 $a9 996 $6020$a88-88926-04-6$9(OLS)http://pul/number/140585 996 $6245$aL'intelligenza :$bfilosofia e vita, nell'unità dell'io$9(OLS)http://pul/title/145195 996 $6260$aRoma :$bLeonardo da Vinci$9(OLS)http://pul/publisher/51778 LEADER 01598nam a2200289 a 4500 001 000000147770 003 CaOOAMICUS 005 20151127134807.0 008 151127s2015 it rm 000 0 eng c 032 $aLibriCat 040 $aPUL$bita 100 1 $aPittappillil, Mathew.$0(OLS)http://pul/name/94416 245 10$aFrom mythical cosmogony to scientific cosmology :philosophy: $ba critique of the evolutionary strands of Western cosmology and its history in comparison with the Samkhya and Vaiseshika systems of Indian philosophy /$cMathew Pittappillil. 260 $aRomae :$b[s.n.],$c2015. 300 $a183 p.:$bill., graf., tav.;$c24 cm 502 $aEstratto da Tesi di Dottorato in Filosofia--Pontificia Universitas Lateranensis, 2015. 504 $aBibliografia: p.[163]-179. 650 4$aFilosofia indiana$xStudi.$0(OLS)http://pul/subject/13356 650 4$aCosmogonia.$0(OLS)http://pul/subject/1015 650 4$aCosmologia (filosofia).$0(OLS)http://pul/subject/36418 710 2 $aPontificia Università Lateranense$bFacoltà di filosofia$kTesi.$0(OLS)http://pul/name/81773 850 $aPUL 852 $aPUL$W1$xDP1 Tesi Pon Univ. Lateranense$y41$m2015 A 8$j170621$qTesi$B171569$CPULBib$Z2$F171569 $82 941 1 $a16 996 $6245$aFrom mythical cosmogony to scientific cosmology :philosophy: $ba critique of the evolutionary strands of Western cosmology and its history in comparison with the Samkhya and Vaiseshika systems of Indian philosophy$9(OLS)http://pul/title/186466 996 $6260$aRomae :$b[s.n.]$9(OLS)http://pul/publisher/48223